Statistics for Modern-Day Countries of the Second French Colonial Empire on Map

Click here to take the quiz!

General Stats

  • This quiz has been taken 66 times
  • The average score is 32 of 32

Answers on the Map

Answers color-coded by a green-red scale on the quiz's map according to % correct below.
Loading ...
 

Answer Stats

Countries% Correct
Algeria
100%
Ivory Coast
100%
Tunisia
100%
Togo
100%
Syria
100%
Senegal
100%
Republic of the Congo
100%
Niger
100%
Morocco
100%
Mauritania
100%
Mali
100%
Madagascar
100%
Lebanon
100%
Benin
100%
Laos
100%
Vietnam
100%
Burkina Faso
100%
Guinea
100%
Gabon
100%
France
100%
Comoros
100%
Chad
100%
Cameroon
100%
Cambodia
100%
Djibouti
98%
China
98%
Turkey
98%
Central African Republic
98%
Nigeria
96%
India
96%
Vanuatu
93%
Israel
85%

Score Distribution

Percentile by Number Answered

Percent of People with Each Score

Your Score History

You have not taken this quiz